000 00483nam a2200181Ia 4500
008 090123s9999 xx 000 0 und d
082 _b8058
_a891.463/वाड
100 _aवाड विजया
245 _aअशरण
250 _a1
260 _bहेमचंद्र प्रकाशन
300 _a162
600 _aवाड विजया
630 _aअशरण
700 _aवाड विजया
730 _aअशरण
942 _cBOOK
999 _c46124
_d46124